<?xml version="1.0" encoding="utf-8"?>
<?xml-stylesheet type='text/xsl' href='./oai2.xsl'?>
<OAI-PMH xmlns="http://www.openarchives.org/OAI/2.0/" xmlns:xsi="http://www.w3.org/2001/XMLSchema-instance" xsi:schemaLocation="http://www.openarchives.org/OAI/2.0/ http://www.openarchives.org/OAI/2.0/OAI-PMH.xsd">
  <responseDate>2026-06-06T23:35:19Z</responseDate>
  <request verb="GetRecord" metadataPrefix="marcxml" identifier="record_kuniweb_159918">https://kulturerbe.niedersachsen.de/oai</request>
  <GetRecord>
    <record>
      <header>
        <identifier>record_kuniweb_159918</identifier>
        <datestamp>2025-08-28T09:38:22Z</datestamp>
        <setSpec>slg0111</setSpec>
      </header>
      <metadata>
        <marc:record xmlns:marc="http://www.loc.gov/MARC21/slim" xsi:schemaLocation="http://www.loc.gov/MARC21/slim http://www.loc.gov/standards/marcxml/schema/MARC21slim.xsd">
          <marc:leader>12345nkm  22     uu 4500</marc:leader>
          <marc:controlfield tag="001">159918</marc:controlfield>
          <marc:controlfield tag="003">http://kuniweb.gbv.de</marc:controlfield>
          <marc:controlfield tag="005">2018-11-22T15:35:58</marc:controlfield>
          <marc:controlfield tag="008">|           ||||||||||||||||||||||</marc:controlfield>
          <marc:datafield tag="245" ind1="1" ind2="0">
            <marc:subfield code="a">Konduktor-Vorgelege für einen Bagassespeiser, 1912</marc:subfield>
          </marc:datafield>
          <marc:datafield tag="655" ind1=" " ind2="7">
            <marc:subfield code="a">Grafik</marc:subfield>
          </marc:datafield>
          <marc:datafield tag="046" ind1=" " ind2=" ">
            <marc:subfield code="k">1912</marc:subfield>
            <marc:subfield code="k">Mitte 1912</marc:subfield>
          </marc:datafield>
          <marc:datafield tag="260" ind1=" " ind2=" ">
            <marc:subfield code="g">1912</marc:subfield>
            <marc:subfield code="g">Mitte 1912</marc:subfield>
          </marc:datafield>
          <marc:datafield tag="520" ind1=" " ind2=" ">
            <marc:subfield code="a">Zeichnung - koloriert
Herstellungort - Königshütte, Bad Lauterberg

Auftraggeber und Standort - keine Angaben

Information:
Die Zeichnung ist auch in schwarz-weiß vorhanden.

Anmerkung:
Als Bagasse (auch: Ampas) bezeichnet man die faserigen Überreste der Zuckerfabrikation aus Zuckerrohr und Sorghumhirsen. Es handelt sich entsprechend um ein Neben- oder Koppelprodukt, das beim Auspressen des Zuckersaftes aus den Pflanzen anfällt.
Das geerntete Zuckerrohr wird in Zuckerrohrmühlen verarbeitet, indem der zuckerhaltige Saft aus den Pflanzen herausgepresst wird (Pressextraktion). In einigen Fabriken sind jedoch auch Diffuseure im Einsatz, die den Zucker mittels des Diffusionsprozesses extrahieren. Während der gewonnene Saft in Absetzer geleitet wird, wird die als Nebenprodukt zurückbleibende Bagasse auf Halden gefahren. Dabei fallen bei 100 Tonnen Zucker aus Zuckerrohr etwa 34 Tonnen Bagasse als Nebenprodukt an. 
siehe:
Bagasse – Wikipedia
https://de.wikipedia.org/wiki/Bagasse

Anmerkung 2:
Ein Konduktor ist ein isolierter, elektrischer Leiter, der auch als Kondensator aufgefasst werden kann. Im engeren Sinne wird als Konduktor der Ladungsträger einer Elektrisiermaschine bezeichnet.
siehe:
Konduktor - Lexikon der Physik - Spektrum der Wissenschaft
https://www.spektrum.de/lexikon/physik/konduktor/8265





 (Förderkreis Königshütte Bad Lauterberg e.V.)

Maßstab: 1 zu 5</marc:subfield>
          </marc:datafield>
          <marc:datafield tag="650" ind1="1" ind2=" ">
            <marc:subfield code="a">Zuckergewinnung</marc:subfield>
          </marc:datafield>
          <marc:datafield tag="650" ind1="1" ind2=" ">
            <marc:subfield code="a">Zuckerproduktion</marc:subfield>
          </marc:datafield>
          <marc:datafield tag="650" ind1="1" ind2=" ">
            <marc:subfield code="a">Grafik, Fotografie &gt; Zeichnung</marc:subfield>
          </marc:datafield>
          <marc:datafield tag="650" ind1="1" ind2=" ">
            <marc:subfield code="a">Industrie</marc:subfield>
          </marc:datafield>
          <marc:datafield tag="773" ind1="0" ind2=" ">
            <marc:subfield code="t">Mühlen-, Gips- und sonstige Anlagen</marc:subfield>
          </marc:datafield>
          <marc:datafield tag="852" ind1=" " ind2=" ">
            <marc:subfield code="a">Industriedenkmal Königshütte Bad Lauterberg im Harz</marc:subfield>
          </marc:datafield>
          <marc:datafield tag="" ind1=" " ind2=" ">
            <marc:subfield code="a">Namensnennung - Nicht kommerziell - Keine Bearbeitungen 4.0 International (CC BY-NC-ND 4.0)</marc:subfield>
          </marc:datafield>
        </marc:record>
      </metadata>
    </record>
  </GetRecord>
</OAI-PMH>
